| 000 | 00589nam a22001817a 4500 | ||
|---|---|---|---|
| 999 |
_c190261 _d190261 |
||
| 005 | 20220721114947.0 | ||
| 010 | _aENG-133781 | ||
| 020 |
_a9789380357003 _c500.00 |
||
| 035 | _aEN-117313 | ||
| 037 | _bDBAD/PUB | ||
| 082 | _a954.56 | ||
| 100 | _aSur, Hirendra Kumar | ||
| 245 |
_aBritish Relations with the State of Tripura 1760-1947/ _cHirendra Kumar Sur |
||
| 260 |
_aTripura _bNaba Chandana Prakashani _c2010 |
||
| 270 |
_aRamnagar Road No. 2 (West) P.O. Ramnagar Agartala _bTripura _e799002 |
||
| 300 |
_a192p. _bIndex _c22cm (hb) |
||
| 942 |
_2ddc _cEN _h954.56 _mSUR |
||